Nové formy odmeňovania a ich vplyv na motiváciu zamestnancov diplomová práca

Uložené v:
Podrobná bibliografia
Hlavný autor: Obšivanová, Petra
Korporativný autor: Fakulta podnikového manažmentu EU. Katedra manažmentu
Ďalší autori: Nachtmannová, Oľga, 1963-
Médium: Kniha
Jazyk:Slovak
Vydavateľské údaje: Bratislava 2009
Tagy: Pridať tag
Žiadne tagy, Buďte prvý, kto otaguje tento záznam!

MARC

LEADER 00000nam$a2200000$$$4500
001 0101839
005 20240320075227.5
041 0 |a slo 
044 |a SK 
245 1 0 |a Nové formy odmeňovania a ich vplyv na motiváciu zamestnancov  |b diplomová práca  |c Petra Obšivanová ; škol. Oľga Nachtmannová 
264 1 |a Bratislava  |c 2009 
300 |a 130 s. 
100 1 |a Obšivanová, Petra 
700 1 |a Nachtmannová, Oľga, 1963- 
710 2 |a Fakulta podnikového manažmentu EU. Katedra manažmentu